|
|
|
|
| LEADER |
00000nta a2200000 i 4500 |
| 001 |
dolg22552 |
| 005 |
20200430103343.0 |
| 008 |
190517suuuu hu o 000 hun d |
| 040 |
|
|
|a BGE Dolgozattár Repozitórium
|b hun
|
| 041 |
|
|
|a hu
|
| 100 |
1 |
|
|a Kovács Jonatán László
|
| 245 |
1 |
0 |
|a RFID mint logisztikát segítő rendszer
|c Kovács Jonatán László
|h [elektronikus dokumentum]
|
| 516 |
|
|
|a Final_paper
|
| 695 |
|
|
|a RFID
|
| 695 |
|
|
|a Logisztika
|
| 700 |
1 |
|
|a Csonka Dr. László
|e ths
|
| 856 |
4 |
0 |
|u http://dolgozattar.uni-bge.hu/22552/1/RFID_MINT_LOGISZTIK%C3%81T_SEG%C3%8DT%C5%90_RENDSZER.pdf
|z Dokumentum-elérés
|
| 856 |
4 |
0 |
|u http://dolgozattar.uni-bge.hu/22552/2/TITKOS%C3%8DT%C3%81SI_ENGED%C3%89LY.pdf
|z Dokumentum-elérés
|